[Event "FRA-ch Seniors"]
[Site "Nimes"]
[Date "2018.08.18"]
[Round "1"]
[White "Prie, Eric"]
[Black "Clement, Herve"]
[Result "1-0"]
[WhiteElo "2480"]
[BlackElo "1640"]
[PlyCount "43"]
[EventDate "2018.08.18"]
[EventType "swiss"]
[EventRounds "9"]
[EventCountry "FRA"]
[SourceTitle "EXT 2020"]
[Source "ChessBase"]
[SourceDate "2019.10.17"]
[SourceVersion "1"]
[SourceVersionDate "2019.10.17"]
[SourceQuality "1"]

1. d4 e6 2. Nf3 Nf6 3. Bf4 d5 4. e3 Nbd7 5. Nbd2 Be7 6. Bd3 Nh5 7. Be5 Nxe5 8. Nxe5 Nf6 9. 0-0 0-0 10. f4 Bd6 11. Rf3 g6 12. Rg3 Kg7 13. c3 Bd7 14. Ndf3 Ne4 15. Bxe4 dxe4 16. Ng5 Bxe5 17. fxe5 Bc6 18. Qg4 Qd5 19. Nxh7 Rh8 20. Ng5 Rh6 21. Rf1 Rf8 22. Rh3 1-0